| 000 | 00381cam a2200157ua 4500 | ||
|---|---|---|---|
| 003 | OSt | ||
| 005 | 20260213114530.0 | ||
| 008 | 260213b |||||||| |||| 00| 0 eng d | ||
| 041 | _aeng | ||
| 082 |
_a028.73080 _bOXF/OX |
||
| 245 | _aOxford dictionary of quottions | ||
| 250 | _a2 / | ||
| 260 |
_aLondon : _bOxford University Press , _c1964. |
||
| 300 | _a1003 ; . | ||
| 942 | _cBK | ||
| 999 |
_c10841 _d10841 |
||